000 00988nam0a22002531 4500
001 rc\4315334
005 20260407144139.0
021 _aRU
_bРг5345-63
035 _a(NLR Aleph) 008262740
090 _a8407379
_c8407379
100 _a20130416d1963 |||y0rusy50 ca
101 0 _arus
_aeng
102 _aRU
105 _aa z |||||
200 1 _aВентиль регулирующий игольчатый фланцевый из нержавеющей стали
_eТаб./фиг. 15нж71нж
_eПаспорт и руководство по эксплуатации
_fV/o "Machinoexport"
210 _aМосква
_cVneshtorgizdat
_d[1963]
215 _a10 с.
_cчерт.
_d22
300 _aТекст парал. на рус. и англ. яз.
712 0 2 _a"Машиноэкспорт", всесоюзное объединение
_3RU\NLR\AUTH\8810017479
_9532793
801 0 _aRU
_bNLR
_gpsbo
801 1 _aRU
_bELAR
_2rusmarc
852 _aNLR
_j63-6/8476
942 _cBOOK
980 _aNB